Ultimate German Vocabulary Quiz - Statistics

General Stats
  • This quiz has been taken 2,843 times
    1,020 since last reset
  • The average score is 3 of 10
Answer Stats
German English % Correct
Süchtig Addicted
100%
Solang As long as
100%
Hinter Behind
100%
Ständig Constantly
100%
Die Gefahr Danger
100%
Der Geschmack Flavor
100%
Die Gewohnheit Habit
100%
Die Phantasie Imagination
100%
Intensiv Intense
100%
Die Minderjährige Minor (People under 18)
100%
Der Neffe Nephew
100%
Nun Now
100%
Das Angebot Offer
100%
Das Gemälde Painting
100%
Anwesend Present (at a place)
100%
Der Stolz Pride
100%
Der Schutz Protection
100%
Die Beziehung Relation
100%
Reinigen/Putzen To clean
100%
Kontrollieren/Steuern To control
100%
Absagen To decline
100%
Genießen To enjoy
100%
Passen To fit/match
100%
Erfüllen To fulfill
100%
Kennenlernen To get to know
100%
Unterbrechen To interrupt
100%
Mieten To rent
100%
Regieren (über) To rule (over)
100%
Erschrecken To scare
100%
Leiden To suffer
100%
Akutalisieren/Updaten To update
100%
Sich sorgen To worry
100%
Der Sieg Victory
100%
Verlassen To leave
89%
Wählen To choose
88%
Bestellen To order (something)
86%
Sogar/Selbst Even (adverb)
83%
Die Deutung/Auslegung/Interpretation Interpretation
83%
Die Politik Policy
83%
Die Macht Power
83%
Ersparnisse Savings
83%
Ausdrücken To express
83%
Fließen To flow
83%
Sich verstecken To hide
83%
Die Kette Chain
80%
Spannend Exciting
80%
Waagrecht/Horizontal Horizontal
80%
Das Bedürfnis Need
80%
Der Kühlschrank Refrigerator
80%
Selbstbewusst Self-confident
80%
Termporär Temporary
80%
Vermieten To rent (to someone)
80%
Stärken To strengthen
80%
Fortsetzen To continue
77%
Der Unfall Accident
75%
Häufig Frequent
75%
Mittelmäßig Mediocre
75%
Der Druck Pressure
75%
Säkular Secular
75%
Verwirren To confuse
75%
Entwickeln To develop
75%
Initialisieren To initialize
75%
Die Zunge Tongue
75%
Schützen To protect
75%
Wiedersehen To see again
75%
Der Gewinn Profit
71%
Versprechen To promise
71%
Genau Accurate
67%
Ärgerlich/Lästig Annoying
67%
Verwirrend Confusing
67%
Die Abteilung Department
67%
Abhängig Dependent
67%
Die Schublade Drawer
67%
Der Beweis Evidence
67%
Die Mischung Mix
67%
Regelmäßig Regular
67%
Das Geheimnis Secret
67%
Der Magen Stomach (organ)
67%
Somit Thus
67%
Fangen To catch
67%
Austauschen To exchange
67%
Erklären/Erläutern To explain
67%
Sich verlieben To fall in love
67%
Interpretieren/Deuten To interpret
67%
Sinn machen/ergeben To make sense
67%
Erwähnen To mention
67%
Beachten/Bemerken To notice
67%
Üben To practice
67%
Vereinfachen To simplify
67%
Riechen To smell
67%
Erzählen To tell
67%
Sich umdrehen To turn around
67%
Sich wundern/fragen To wonder
67%
Seltsam Strange
63%
Annehmen/Akzeptieren To accept
63%
Jubeln To cheer
63%
Die Kerze Candle
60%
Die Schwerkraft Gravity
60%
Unsichtbar Invisible
60%
Ursprünglich Originally
60%
Nachhaltigkeit Sustainability
60%
Ausleihen/Entlehnen To borrow
60%
Ablenken To distract
60%
Verbringen To spend (time)
60%
Nützlich/Sinnvoll Useful
60%
Das Motiv/Der Beweggrund Motive
57%
Entspannend Relaxing
57%
Das Klopapier Toilet paper
57%
Die Seele Soul
56%
Erreichen To reach/achieve
56%
Die Werbung Advertisement
50%
Das Gehirn Brain
50%
Der Verein Club/Association
50%
Die Sammlung Collection
50%
Verwirrt Confused
50%
Die Wüste Desert
50%
Die Dauer Duration
50%
Die Pflicht Duty
50%
Ausnahmsweise Exceptionally
50%
Der Rahmen Frame
50%
Der Gefrierschrank Freezer
50%
Die Reibung Friction
50%
Die Eile Hurry
50%
Der Eindruck Impression
50%
Um ... zu ... In order to
50%
Die Einführung Introduction
50%
Der/die Richter/in Judge
50%
Geheimnisvoll Mysterious
50%
Geduldig Patient
50%
Das Verfahren/Der Prozess Process
50%
Die Bestrafung Punishment
50%
Notwendig/Erforderlich/Benötigt Required
50%
Der Sturm Storm
50%
Die Umfrage Survey
50%
Die Steuer Tax
50%
Deshalb/Daher/Deswegen/Darum Therefore
50%
Der Wurf Throw
50%
Begleiten To accompany
50%
Zugeben To admit
50%
Beeinflussen To affect/influence
50%
Abhängig sein To be dependent
50%
Neidisch sein To be jealous
50%
Ausbrechen To break out
50%
Bestätigen To confirm
50%
Enthalten To contain
50%
Beitragen To contribute
50%
Verdauen To digest
50%
Enttäuschen To disappoint
50%
Begegnen To encounter
50%
Unterhalten To entertain
50%
Erhalten To get
50%
Davonkommen To get away
50%
Zögern To hesitate
50%
Einfügen To insert
50%
Darauf bestehen To insist
50%
Einlassen To let in
50%
Anbieten To offer
50%
Beweisen To prove
50%
Ablehnen To reject
50%
Ersetzen To replace
50%
Vertreten To represent
50%
Ähneln To resemble
50%
Drehen To rotate
50%
Retten To save
50%
Schütteln To shake
50%
Niesen To sneeze
50%
Lösen To solve
50%
Stattfinden To take place
50%
Sich verwandeln To transform
50%
Vertrauen To trust
50%
Wiegen To weigh
50%
Die Ausbildung Training
50%
Der Mülleimer Trash can
50%
Sichtbar Visible
50%
Einsam Lonely
43%
Der Wahnsinn Madness
43%
Bisher So far
43%
Ratschlagen To advise
43%
Verursachen To cause
43%
Sich beschweren/Klagen To complain
43%
Die Beschwerde Complaint
40%
Knusprig Crunchy
40%
Der Nachteil Disadvantage
40%
Die Wirkung Effect
40%
Der Aufzug/Fahrstuhl Elevator
40%
Das Gehege Enclosure
40%
Die Verschärfung Intensification/Aggravation/Tightening
40%
Der Zweck Purpose
40%
Die Vernunft Reason (rational)
40%
Die Aussage Statement
40%
Der Stängel Stem (of a plant)
40%
Gerade Straight
40%
Erfolgreich Successful
40%
Verbieten To ban
40%
Verhalten To behave
40%
Gehören To belong
40%
Biegen To bend
40%
Fordern/Verlangen To demand
40%
Falten To fold
40%
Greifen To grab
40%
Steigern/Zunehmen To increase
40%
Bestrafen To punish
40%
Sichern To secure
40%
Verhindern To prevent
38%
Tatsächlich Actually
33%
Der Bereich Area
33%
Ab sofort As of now
33%
Sowie As well as
33%
Der Verbraucher Consumer
33%
Das Verschwinden Disappearance
33%
Die Entfernung Distance
33%
Das Ereignis Event
33%
Die Fraktion Faction (Parliamentary group)
33%
Gefroren Frozen
33%
Anstelle/Anstatt Instead
33%
Die Absicht Intention
33%
Geladen Loaded
33%
Treu Loyal
33%
Die Maßnahme Measure (actions)
33%
Die Erzählung Narration
33%
Der Lärm Noise
33%
Offensichtlich Obvious
33%
Die Ablehnung Rejection
33%
Übrig Remaining
33%
Das Regal Shelf
33%
Erscheinen/Wirken To appear
33%
Sich nähern To approach
33%
Umgehen To bypass
33%
Zählen To count
33%
Fürchten To fear
33%
Zwingen To force
33%
Einfrieren To freeze
33%
Loswerden To get rid of
33%
Aufgeben To give up
33%
Beeindrucken To impress
33%
Verletzen To injure/hurt
33%
Beitreten To join
33%
Beurteilen To judge
33%
Vermasseln (slang) To mess up
33%
Vernachlässigen To neglect
33%
Teilnehmen To participate
33%
Gießen To pour/water plants
33%
Sich beziehen (auf etwas) To refer (to something)
33%
Die Folter Torture
33%
Verderben To spoil (food)
33%
Verwöhnen (jemand) To spoil (someone)
33%
Treten To step
33%
Foltern To torture
33%
Der/die Reiseleiter/in Tour guide
33%
Winken To wave
33%
Schwächen To weaken
33%
Inwiefern To what extent/In what way
33%
Dringend Urgent
33%
Der Blick View
33%
Abnehmen/Verringern To decrease
30%
Der Vorteil Advantage
29%
Bewusst Conscious
29%
Die Ausnahme Exception
29%
Der/die Heuchler/in Hypocrite
29%
Der Schnurrbart Mustache
29%
Der Zweck Purpose
29%
Das Fragezeichen Question mark
29%
Der Sinn Sense
29%
Missbrauchen To abuse
29%
Der Lohn Wage
29%
Das Fazit Conclusion
25%
Der Husten Cough
25%
Der Zweifel Doubt
25%
Der Rand Edge
25%
Weit Far
25%
Gegründet Founded
25%
Der Hanf Hemp
25%
Das Zögern Hesitation
25%
Grenzlos Limitless
25%
Langfristig Long-term
25%
Trotzdem Nevertheless
25%
Das Geflügel Poultry
25%
Vielversprechend Promising
25%
Beziehungsweise (bzw.) Respectively
25%
Das Ergebnis Result
25%
Die Tischdecke Tablecloth
25%
Die Spannung Tension
25%
Hinzufügen To add
25%
Bewerben To apply (for a job)
25%
Husten To cough
25%
Gestalten/Entwerfen To design
25%
Verschwinden To disappear
25%
Absichtlich tun To do on purpose
25%
Bearbeiten To edit
25%
Sicherstellen To ensure
25%
Schätzen To estimate/appreciate
25%
Umsetzen/Implementieren To implement
25%
(Ver)spotten To mock
25%
Verstaatlichen To nationalize
25%
Abholen To pick up
25%
Loben To praise
25%
Sich erholen To recover
25%
Freigeben To release
25%
Dienen To serve
25%
Überspringen To skip
25%
Gähnen To yawn
25%
Die Schleife Loop
22%
Die Pflege Care
20%
Aktuell Current
20%
Die Täuschung Deception
20%
Der Hügel Hill
20%
Locker Loose
20%
Die Wiese Meadow
20%
Medizinische Zwecke Medical uses
20%
Möglicherweise Possibly
20%
Zufällig Random
20%
Die Anfrage Request
20%
Die Reihe Row
20%
Plötzlich Suddenly
20%
Stoßen To bump
20%
Fallen lassen To drop
20%
Ausstatten To equip
20%
Erzeugen To generate
20%
Aufnehmen/Aufzeichnen To record
20%
Sprühen To spray
20%
Ingesamt Total
20%
Berühren To touch
20%
Das Tal Valley
20%
Der Missbrauch Abuse
17%
Kaum Barely
17%
Der Eimer Bucket
17%
Das Urteil Judgement
17%
Das Weltall Space
17%
Vermuten To assume/suspect
17%
Überqueren To cross (a road)
17%
Betonen/Hervorheben To emphasize
17%
Gleiten To glide
17%
Einleiten To initiate
17%
Befehlen To order/command
17%
Versorgen To take care
17%
Innerhalb Within
17%
Die Vermutung Assumption
14%
Die Untersuchung Investigation
14%
Die Muschel Seashell
14%
Zugreifen To access
14%
Bestimmen/Ermitteln To determine
14%
Behalten To keep
14%
Versenden To ship
14%
Der Spur Trace
14%
Der Bestandteil Component
13%
Abschaffen To abolish
13%
Ablaufen To expire
13%
Regeln To regulate
13%
Fluchen To swear (cursing)
13%
Je Each/per
11%
Der Zugang Access
10%
Zerkleinern To crush
10%
Der Abgrund Abyss
0%
Angeblich Allegedly/Supposedly
0%
Verblüfft Amazed
0%
Ehrgeizig Ambitious
0%
Der Pfeil Arrow
0%
Das Verhalten Behavior
0%
Das Gebot Bid
0%
Der Umstand Circumstance
0%
Übermut Cockiness
0%
Der Zustand Condition
0%
Entsprechend Corresponding
0%
Der Flur Corridor
0%
Das Lebewesen Creature
0%
Die Zerkleinerung Crushing
0%
Taub Deaf
0%
Die Nachfrage/Forderung Demand
0%
Die Gestaltung/Der Entwurf Design
0%
Entschlossen Determined
0%
Gläubig Devout (religious)
0%
Das Geschirr Dishes
0%
Der Kraftstoff Fuel
0%
Die Herrschaft Dominion
0%
Aufgrund/Infolge Due to
0%
Die Haltbarkeit Durability
0%
Die Bearbeitung Editing
0%
Die Ausgabe (eines Buches) Edition (of a book)
0%
Unheimlich Eerie
0%
Die Durchsetzung Enforcement
0%
Der Schätzwert Estimated value
0%
Die Schätzung Estimation
0%
Übermäßig Excessive
0%
Das Aufrufezeichen Exclamation mark
0%
Der Ausschluss Exclusion
0%
Anstrengend Exhausting
0%
Die Auswirkung Impact
0%
Die Untätigkeit Inaction
0%
In Folge In a row
0%
Die Einscluss/Aufnahme/Einbeziehung Inclusion
0%
Die Nachsicht Indulgence
0%
Die Anweisung Instruction
0%
Die Deponie Landfill
0%
Die Haftung Liability
0%
Die Eidechse Lizard
0%
Gering Low
0%
Gegenseitig Mutual
0%
Der Hals Neck
0%
Die Nichte Niece
0%
Die Nahrung Nutrition
0%
Der/die Täter/in Offender
0%
Die Strafe Penalty
0%
Dauerhaft Permanent
0%
Der Standpunkt Point of view
0%
Überwiegend Predominant
0%
Der Vorrang Priority
0%
Das Für und Wider Pros and cons
0%
Eher Rather
0%
Leichtsinn Recklessness
0%
Jeweilig Respective
0%
Der Abschnitt Section
0%
Der Schatten Shadow
0%
Die Verschiebung Shift
0%
Kurzfristig Short-term
0%
Schüchtern Shy
0%
Albern Silly
0%
Vereinfacht Simplified
0%
Der Bestand Supply/Stock
0%
Der Begriff Term
0%
Nachdenklich Thoughtful
0%
Die Zeitspanne Time period
0%
Winzig Tiny
0%
Ansammeln To accumulate
0%
Ankündigen To announce
0%
Gelten To apply (to people)
0%
Benennen/Berufen To appoint
0%
Vereinbaren To arrange
0%
Aufsteigen To ascend/move up
0%
Süchtig machen To be addicting
0%
Blühen To bloom
0%
Abbauen To break down/dismantle
0%
Umschiffen To circumnavigate
0%
Klären To clarify
0%
Begehen To commit
0%
Erschweren To complicate
0%
Betreffen To concern/affect
0%
Entstehen To create (from nothing)
0%
Täuschen To deceive
0%
Leugnen To deny
0%
Entlassen To dismiss
0%
Auflösen To dissolve
0%
Herfahren To drive here
0%
Erziehen To educate
0%
Erlassen To enact/issue
0%
Durchsetzen/Erzwingen To enforce
0%
Betreten To enter
0%
Erweitern To expand
0%
Erleichtern To facilitate
0%
Sich verstehen To get along
0%
Mitsamt Together with
0%
Einsteigen To get in
0%
Sich melden To get in touch
0%
Weitergehen To go on
0%
Gewähren To grant
0%
Mitreden zu können (bei etwas) To have a say (in something)
0%
Erhitzen To heat
0%
Entzünden To ignite
0%
Einschließen To include
0%
Verschärfen To intensify/aggravate/tighten
0%
Auslaufen To leak
0%
Auswendig lernen To learn by heart
0%
Begrenzen/Beschränken To limit
0%
Verknüpfen To link (something together)
0%
Sich ausdenken To make up
0%
Eine Rolle spielen/Ausmachen To matter
0%
Messen To measure
0%
In die Irre führen To mislead
0%
Belegen/Besetzen To occupy
0%
Vorkommen To occur
0%
Durchlaufen To pass through
0%
Plagen To plague
0%
Einstecken To plug in
0%
Antreiben To power
0%
Beten To pray
0%
Bieten To provide
0%
Umbenennen To rename
0%
Erfordern/Benötigen To require
0%
Einschränken To restrict
0%
Enthüllen To reveal
0%
Sägen To saw
0%
Sich niederlassen To settle (in a place)
0%
Verschieben To shift
0%
Schlitten To slide
0%
Verbreiten To spread
0%
Auffallen To stand out
0%
Einreichen To submit/file
0%
Vorschlagen To suggest
0%
Fegen To sweep
0%
Sich anschauen To take a look
0%
Drohen To threaten
0%
Übertragen To transfer/transmit
0%
Dreistellig Triple digit
0%
Es sei denn Unless
0%
Die Vielzahl Variety
0%
Senkrecht/Vertikal Vertical
0%
Der Betrachter Viewer
0%
Die Gewalt Violence
0%
Die Tugend Virtue
0%
Das Reichtum Wealth
0%
Mithilfe With the help of
0%
No matching quizzes found
Score Distribution
Percent of People with Each Score
Percentile by Number Answered
Your Score History
You have not taken this quiz since the last reset